000 00414nam a2200133Ia 4500
005 20260328104257.0
008 260328s9999||||xx |||||||||||||| ||und||
100 _aMosquera Torres, Gilma
245 0 _aVivienda & Arquitectura :
_b tradicional en el PacĂ­fico Patrimonio Cultural afrodescendinte /
_cGilma Mosquera Torres
260 _bUniversidad del Valle
300 _a180 p.
650 _aVIVIENDA
942 _cBK
999 _c10487
_d10487